LDR 00849naa#a2200181#i#450# 001 EN\\bibl\118734 005 20260514135847.4 011 ## _a1994-4683 100 ## _a20230428b2023####ek#y0engy0150####ca 102 ## _aRU 200 1# _aCONTENT AND METHODOLOGY FOR ASSESSING THE LEVEL OF PROFESSIONAL COMPETENCE OF FITNESS COACHES _eJournal article 210 1# _aMoscow _cNational State University of Physical Education, Sports and Health named after P.F. Lesgaft _d2023 215 ## _a5 с. 608 ## _aJournal article _2local 675 ## _aКадры любительского спорта: преподаватели физкультуры, инструкторы, тренеры, обслуживающий персонал, сопровождающие лица. 796.077.4 _z 700 #1 _aParfenova _gA M 700 #1 _aTretyakova _gN V 856 4# _auchzapiski.lesgaft.spb.ru _u